000 00664nam a2200205 a 4500
005 20140310183557.0
008 111119s19uu xx 00 eng d
020 _a9781587202490
050 _aTK 5105.543
_b.Em47 2010
100 _aEmpson, Scott
245 _aCCNP route portable command guide /
_cScott Empson, Hans Roth.
260 _aIndiana, USA :
_bCISCO Press,
_c2010.
300 _a244 p. :
_bill. ;
_c23 cm.
521 _aIT
650 _aRouters (Computer networking)
_xExaminations
_xStudy guides
650 _aInternetworking (Telecommunications)
_xExaminations
_xStudy guides
700 _aRoth, Hans
942 _cBK
_2lcc
_kFOR
999 _c25043
_d25043